Série TV Outlander (S1 à S7) - Les personnages en images ! - Statistiques

Statistiques générales
  • Ce quiz a été pris 173 fois
  • Le résultat moyen est 16 sur 24
Statistiques - réponses
Par images Réponse % Correct
Claire
99%
Jamie
98%
Brianna
91%
Frank
86%
Roger
82%
Dougal
78%
Ian
78%
John
77%
Fergus
74%
Jenny
72%
Jonathan
67%
Murtagh
67%
Colum
66%
William
63%
Marsali
61%
Geillis
58%
Jocasta
58%
Laoghaire
58%
Charles
50%
Angus
44%
Lizzie
39%
Stephen
37%
Jeremiah
34%
Rachel
28%
Aucun quiz correspondant
Distribution des résultats
% des personnes avec chaque résultat
Percentile par nombre de réponses
Votre historique - résultats
Vous n’avez pas pris ce quiz